|
|
|
|
| LEADER |
00949nam a2200205 i 4500 |
| 003 |
GR-PaULI |
| 005 |
20210117210809.0 |
| 008 |
190107s2003 gr ||||g |||| 001 0 gre d |
| 952 |
|
|
|0 0
|1 0
|2 ddc
|4 0
|6 301_000000000000000_ΣΚΟ
|7 0
|9 228744
|a THST
|b THST
|d 2019-01-07
|i 000147
|l 0
|o 301 ΣΚΟ
|p 025000255771
|r 2019-01-07 00:00:00
|t 1
|v 2019.00
|w 2019-01-07
|y BK15
|
| 999 |
|
|
|c 137904
|d 137904
|
| 020 |
|
|
|a 9601211594
|
| 040 |
|
|
|a GR-PaULI
|b gre
|c GR-PaULI
|e AACR2
|
| 082 |
0 |
4 |
|2 23
|a 301
|
| 100 |
1 |
|
|9 172975
|a Σκουτέρη-Διδασκάλου, Ελεωνόρα.
|e συγγραφέας
|
| 245 |
1 |
0 |
|a Δια-κρίσεις :
|b ανθρωπολογικές δοκιμές /
|c Ελεωνόρα Σκουτέρη-Διδασκάλου.
|
| 260 |
|
|
|a Θεσσαλονίκη,
|b University Studio Press,
|c 2003.
|
| 300 |
|
|
|a 396 σ. ;
|c 22 εκ.
|
| 504 |
|
|
|6 Περιλαμβάνει βιβλιογραφία και ευρετήριο.
|
| 942 |
|
|
|2 ddc
|c BK15
|
| 998 |
|
|
|c ΜΑΝΙΑ
|d 2019-01
|